| 000 | 00967nam0a22002531 4500 | ||
|---|---|---|---|
| 001 | rc\2627914 | ||
| 005 | 20250623144453.0 | ||
| 035 | _a(NLR Aleph) 006791431 | ||
| 090 |
_a6148161 _c6148161 |
||
| 100 | _a20110914d1931 |||y0rusy50 ca | ||
| 101 | 0 | _arus | |
| 102 | _aRU | ||
| 105 | _aa z ||||| | ||
| 200 | 1 |
_aВодоснабжение городов и промышленных предприятий _fПроф. Н. Н. Гениев |
|
| 210 |
_aМосква _aЛенинград _cОгиз - Гос. науч.-техн. изд-во _d1931 _eМосква _gтип. "Пролетарское слово" |
||
| 215 |
_a788 с. _cил. _d23х15 см. |
||
| 320 | _aБиблиография: "Главнейшая литература" (21 назв.) | ||
| 700 | 1 |
_aГениев _bН.Н. _f1885- _gНиколай Николаевич |
|
| 801 | 0 |
_aRU _bNLR _gpsbo |
|
| 801 | 1 |
_aRU _bELAR _2rusmarc |
|
| 852 |
_aNLR _j31-5/203 |
||
| 942 | _cBOOK | ||
| 980 | _aNB | ||